000 01112nam a2200217Ia 4500
005 20251215152029.0
008 250219s9999||||xx |||||||||||||| ||und||
100 _aالحاج، عيسى رفيق
245 0 _aتأثير برنامج تدريبي مقترح بأستخدام أنظمة التقلص العضلي على مردود الإستطاعة الميكانيكية للقوة العضلية لدى اللاعبات الكبريات لكرة اليد النخبوية ( بعض نوادي القسم الوطني الأول )
260 _aالجزائر
_c2017
300 _a300 و.
_c30 سم.
502 _aدكتوراه
502 _cمعهد التربية البدنية و الرياضية، جامعة الجزائر 3
653 _aالعضلة
653 _aالعلوم البيوطبية
653 _aالميكانيكيا الحيوية
700 _aحريتي, حكيم
710 _aمعهد التربية البدنية و الرياضية، جامعة الجزائر 3
856 _u https://dspace.univ-alger3.dz/jspui/handle/123456789/3277
942 _cأطروحات
999 _c14416
_d14416